[Event "Winnipeg TNT May op"]
[Site "Winnipeg CAN"]
[Date "2005.05.24"]
[Round "4"]
[White "Rumpel, Chris"]
[Black "Anderson, George"]
[Result "1/2-1/2"]
[WhiteElo "1466"]
[BlackElo "1435"]
[PlyCount "49"]
[GameId "2160767910968578"]
[EventDate "2005.05.03"]
[EventType "swiss"]
[EventRounds "4"]
[EventCountry "CAN"]
[SourceTitle "EXT 2022"]
[Source "ChessBase"]
[SourceDate "2021.10.06"]
[SourceVersion "1"]
[SourceVersionDate "2021.10.06"]
[SourceQuality "1"]

1. e4 e6 2. d3 Nc6 3. g3 Bb4+ 4. c3 Be7 5. Bg2 Bg5 6. Bxg5 Qxg5 7. Nf3 Qg6 8. Nbd2 e5 9. O-O d6 10. Nh4 Qg4 11. Qe1 Nf6 12. h3 Qh5 13. f4 exf4 14. g4 Bxg4 15. hxg4 Nxg4 16. Ndf3 Nce5 17. d4 Ng6 18. Bh3 Ne3 19. Qe2 Nxh4 20. Bd7+ Kxd7 21. Ne5+ dxe5 22. Qxh5 g5 23. Qxf7+ Kc6 24. c4 exd4 25. Qe6+ 1/2-1/2

[Event "Winnipeg TNT May op"]
[Site "Winnipeg CAN"]
[Date "2005.05.24"]
[Round "4"]
[White "Rutter, Blair"]
[Black "Lauritson, Jim"]
[Result "1/2-1/2"]
[WhiteElo "1742"]
[BlackElo "1922"]
[PlyCount "95"]
[GameId "2160767910968579"]
[EventDate "2005.05.03"]
[EventType "swiss"]
[EventRounds "4"]
[EventCountry "CAN"]
[SourceTitle "EXT 2022"]
[Source "ChessBase"]
[SourceDate "2021.10.06"]
[SourceVersion "1"]
[SourceVersionDate "2021.10.06"]
[SourceQuality "1"]

1. c4 c5 2. g3 g6 3. Bg2 Bg7 4. Nc3 Nc6 5. e4 e6 6. Nge2 Nge7 7. O-O O-O 8. d3 d6 9. Be3 Nd4 10. Qd2 Rb8 11. Bxd4 cxd4 12. Nb5 Nc6 13. f4 a6 14. Na3 Bd7 15. Nc2 b5 16. cxb5 axb5 17. Nb4 Qa5 18. a3 Rfc8 19. Rfd1 Nxb4 20. axb4 Qb6 21. Rdc1 Rxc1+ 22. Rxc1 Qa7 23. Bf3 Rc8 24. Rxc8+ Bxc8 25. Nc1 Qc7 26. Nb3 Bb7 27. Kf2 Ba8 28. Ke2 f5 29. Qc1 Qxc1 30. Nxc1 Kf7 31. Nb3 Ke7 32. Nd2 Kd7 33. e5 Bc6 34. exd6 Kxd6 35. Nb1 Bxf3+ 36. Kxf3 Kc6 37. Na3 Bf8 38. Nc2 Kd5 39. h3 Bd6 40. Na3 Kc6 41. Nc2 e5 42. b3 Kd5 43. fxe5 Bxe5 44. Na3 Kc6 45. g4 Bd6 46. Nc2 Kd5 47. Na3 Kc6 48. Nc2 1/2-1/2

[Event "Winnipeg TNT May op"]
[Site "Winnipeg CAN"]
[Date "2005.05.24"]
[Round "4"]
[White "Van Wyk, Joseph"]
[Black "Oberton, Daniel"]
[Result "1/2-1/2"]
[WhiteElo "1851"]
[BlackElo "1414"]
[PlyCount "75"]
[GameId "2160767910968580"]
[EventDate "2005.05.03"]
[EventType "swiss"]
[EventRounds "4"]
[EventCountry "CAN"]
[SourceTitle "EXT 2022"]
[Source "ChessBase"]
[SourceDate "2021.10.06"]
[SourceVersion "1"]
[SourceVersionDate "2021.10.06"]
[SourceQuality "1"]

1. f4 d5 2. Nf3 c5 3. e3 Nc6 4. b3 Nf6 5. Bb2 g6 6. Bxf6 exf6 7. Be2 Bg7 8. d4 b6 9. O-O O-O 10. Nc3 Be6 11. Qd2 Qd7 12. Rad1 Rad8 13. Bb5 Qd6 14. dxc5 bxc5 15. Ne4 Qc7 16. Nxc5 Ne7 17. Nxe6 fxe6 18. Nd4 Qd6 19. c4 e5 20. fxe5 fxe5 21. Nf3 d4 22. exd4 exd4 23. Ng5 a6 24. Ba4 Bh6 25. Rxf8+ Rxf8 26. Ne4 Bxd2 27. Nxd6 Be3+ 28. Kh1 Rf2 29. c5 Rc2 30. b4 Re2 31. g3 Kf8 32. c6 Nd5 33. Bb3 Nc7 34. Rf1+ Rf2 35. Rxf2+ Bxf2 36. a4 Ke7 37. Nc8+ Kd8 38. Nd6 1/2-1/2

[Event "Winnipeg TNT September op"]
[Site "Winnipeg CAN"]
[Date "2005.09.06"]
[Round "1"]
[White "Anderson, George"]
[Black "Lipnowski, Samuel"]
[Result "0-1"]
[WhiteElo "1486"]
[BlackElo "2126"]
[PlyCount "78"]
[GameId "2160767910900297"]
[EventDate "2005.09.06"]
[EventType "swiss"]
[EventRounds "4"]
[EventCountry "CAN"]
[SourceTitle "EXT 2022"]
[Source "ChessBase"]
[SourceDate "2021.10.06"]
[SourceVersion "1"]
[SourceVersionDate "2021.10.06"]
[SourceQuality "1"]

1. e4 d5 2. exd5 Qxd5 3. Nf3 Nf6 4. c4 Qd6 5. Nc3 Bg4 6. Qb3 Bxf3 7. gxf3 Qd8 8. d4 Nc6 9. Be3 e6 10. O-O-O Be7 11. d5 exd5 12. cxd5 Ne5 13. f4 Ng6 14. f5 Ne5 15. Rg1 O-O 16. Bh6 Ne8 17. Bb5 c6 18. dxc6 Qc8 19. Kb1 bxc6 20. Bd3 Nxd3 21. Rxd3 Qxf5 22. Qc2 Rd8 23. Rdg3 Qxc2+ 24. Kxc2 Bf6 25. Ne4 Be5 26. f4 Bd4 27. Rd1 Kh8 28. Rgd3 c5 29. Bg5 f6 30. Bh4 Rb8 31. Rb3 Nc7 32. Bg3 Rxb3 33. axb3 Nd5 34. Bf2 Nb4+ 35. Kb1 Bxf2 36. Nxf2 Re8 37. Ne4 h6 38. Nxc5 Re7 39. Rd7 Re1+ 0-1

[Event "Winnipeg TNT September op"]
[Site "Winnipeg CAN"]
[Date "2005.09.06"]
[Round "1"]
[White "Evans, Rick"]
[Black "Evans, Brian"]
[Result "1-0"]
[WhiteElo "1890"]
[BlackElo "1455"]
[PlyCount "53"]
[GameId "2160767910900298"]
[EventDate "2005.09.06"]
[EventType "swiss"]
[EventRounds "4"]
[EventCountry "CAN"]
[SourceTitle "EXT 2022"]
[Source "ChessBase"]
[SourceDate "2021.10.06"]
[SourceVersion "1"]
[SourceVersionDate "2021.10.06"]
[SourceQuality "1"]

1. d4 Nf6 2. Nf3 g6 3. c4 Bg7 4. Nc3 d6 5. e4 O-O 6. Be2 Bg4 7. h3 Bxf3 8. Bxf3 c6 9. O-O Nfd7 10. Be3 Na6 11. Qd2 e5 12. d5 f5 13. Bg5 Bf6 14. Bxf6 Qxf6 15. dxc6 bxc6 16. exf5 Qxf5 17. Bxc6 Rad8 18. Nd5 Rf7 19. Qa5 Rb8 20. Bxd7 Rxd7 21. Qxa6 Rxb2 22. Qc8+ Kg7 23. Ne3 Qf7 24. a4 a5 25. Rab1 Rdb7 26. Rxb2 Rxb2 27. Qd8 1-0

[Event "Winnipeg TNT September op"]
[Site "Winnipeg CAN"]
[Date "2005.09.06"]
[Round "1"]
[White "Oberton, Daniel"]
[Black "Bist, Jordan"]
[Result "1-0"]
[WhiteElo "1661"]
[BlackElo "1218"]
[PlyCount "43"]
[GameId "2160767910900299"]
[EventDate "2005.09.06"]
[EventType "swiss"]
[EventRounds "4"]
[EventCountry "CAN"]
[SourceTitle "EXT 2022"]
[Source "ChessBase"]
[SourceDate "2021.10.06"]
[SourceVersion "1"]
[SourceVersionDate "2021.10.06"]
[SourceQuality "1"]

1. e4 e5 2. f4 f5 3. exf5 exf4 4. Qh5+ g6 5. fxg6 Qe7+ 6. Be2 Nf6 7. g7+ Qf7 8. Qxf7+ Kxf7 9. gxh8=Q d5 10. Nf3 Nc6 11. O-O Bd7 12. Kh1 Re8 13. Bd3 Bg7 14. Qxe8+ Kxe8 15. Nc3 d4 16. Ne4 Nxe4 17. Bxe4 d3 18. Bxh7 dxc2 19. Bxc2 Nb4 20. Bg6+ Kf8 21. a3 Nd3 22. Bxd3 1-0

[Event "Winnipeg TNT September op"]
[Site "Winnipeg CAN"]
[Date "2005.09.06"]
[Round "1"]
[White "Prystenski, Arthur"]
[Black "Rumpel, Chris"]
[Result "1-0"]
[WhiteElo "2196"]
[BlackElo "1493"]
[PlyCount "41"]
[GameId "2160767910900300"]
[EventDate "2005.09.06"]
[EventType "swiss"]
[EventRounds "4"]
[EventCountry "CAN"]
[SourceTitle "EXT 2022"]
[Source "ChessBase"]
[SourceDate "2021.10.06"]
[SourceVersion "1"]
[SourceVersionDate "2021.10.06"]
[SourceQuality "1"]

1. c4 c6 2. e4 d5 3. exd5 cxd5 4. d4 Nf6 5. Nc3 Nc6 6. Nf3 a6 7. c5 Qc7 8. Be2 e5 9. dxe5 Nxe5 10. Nxd5 Nxf3+ 11. Bxf3 Nxd5 12. Qxd5 Bxc5 13. O-O O-O 14. Bg5 Be6 15. Qxb7 Qxb7 16. Bxb7 Rab8 17. Bxa6 Rxb2 18. a4 Bd4 19. Rad1 Ra8 20. Rxd4 h6 21. Bc1 1-0

[Event "Winnipeg TNT September op"]
[Site "Winnipeg CAN"]
[Date "2005.09.06"]
[Round "1"]
[White "Trueman, Francis"]
[Black "Essery, Richard"]
[Result "1-0"]
[WhiteElo "1376"]
[BlackElo "1686"]
[PlyCount "39"]
[GameId "2160767910900301"]
[EventDate "2005.09.06"]
[EventType "swiss"]
[EventRounds "4"]
[EventCountry "CAN"]
[SourceTitle "EXT 2022"]
[Source "ChessBase"]
[SourceDate "2021.10.06"]
[SourceVersion "1"]
[SourceVersionDate "2021.10.06"]
[SourceQuality "1"]

1. Nf3 d5 2. d3 Nf6 3. Nbd2 c5 4. c3 e6 5. g3 b6 6. Bg2 Bb7 7. O-O Be7 8. Re1 O-O 9. Qc2 Nc6 10. e4 d4 11. c4 e5 12. Nf1 Qd7 13. h4 Rfe8 14. Qe2 Bf8 15. N3h2 h5 16. f4 exf4 17. Bxf4 g6 18. Nf3 Nh7 19. N1h2 Bg7 20. Kh1 1-0

[Event "Winnipeg TNT September op"]
[Site "Winnipeg CAN"]
[Date "2005.09.13"]
[Round "2"]
[White "Babb, Jeff"]
[Black "Evans, Rick"]
[Result "1-0"]
[WhiteElo "2166"]
[BlackElo "1890"]
[PlyCount "123"]
[GameId "2160767910900302"]
[EventDate "2005.09.06"]
[EventType "swiss"]
[EventRounds "4"]
[EventCountry "CAN"]
[SourceTitle "EXT 2022"]
[Source "ChessBase"]
[SourceDate "2021.10.06"]
[SourceVersion "1"]
[SourceVersionDate "2021.10.06"]
[SourceQuality "1"]

1. c4 c6 2. g3 Nf6 3. b3 d5 4. Nf3 Bf5 5. Ba3 Bxb1 6. Rxb1 g6 7. Bg2 Bg7 8. O-O O-O 9. d3 Re8 10. Qc2 Qa5 11. Bb2 Nbd7 12. b4 Qc7 13. cxd5 Nxd5 14. Bxg7 Kxg7 15. Nd2 e6 16. Rfc1 Rac8 17. b5 c5 18. Qb2+ Kg8 19. h4 b6 20. h5 Qe5 21. Nc4 Qxb2 22. Rxb2 Red8 23. hxg6 hxg6 24. a4 N7f6 25. a5 Rb8 26. Ne5 Rb7 27. axb6 axb6 28. Ra1 Rd6 29. Nc6 Rc7 30. e4 Rdxc6 31. bxc6 Nb4 32. Ra3 Rxc6 33. Kf1 e5 34. Ke2 Rd6 35. Kd2 Kg7 36. Rc3 Nd7 37. Bh3 Nb8 38. Rxb4 cxb4 39. Rc4 Nd7 40. Bxd7 Rxd7 41. Rxb4 Rd6 42. Rb5 Re6 43. f4 f6 44. Rd5 Kf7 45. Kc3 Ke7 46. Kc4 exf4 47. gxf4 Rd6 48. Rb5 Kd7 49. d4 Rc6+ 50. Kd3 Kc7 51. e5 fxe5 52. fxe5 g5 53. Ke4 Rg6 54. Kf5 Rg8 55. d5 g4 56. Rb1 g3 57. d6+ Kd7 58. Rxb6 Rf8+ 59. Ke4 Ke6 60. Rb7 Re8 61. Rg7 Ra8 62. Re7# 1-0

[Event "Winnipeg TNT September op"]
[Site "Winnipeg CAN"]
[Date "2005.09.13"]
[Round "2"]
[White "Essery, Richard"]
[Black "Anderson, George"]
[Result "1-0"]
[WhiteElo "1686"]
[BlackElo "1486"]
[PlyCount "49"]
[GameId "2160767910900303"]
[EventDate "2005.09.06"]
[EventType "swiss"]
[EventRounds "4"]
[EventCountry "CAN"]
[SourceTitle "EXT 2022"]
[Source "ChessBase"]
[SourceDate "2021.10.06"]
[SourceVersion "1"]
[SourceVersionDate "2021.10.06"]
[SourceQuality "1"]

1. e4 e6 2. d4 d5 3. Nd2 Bd7 4. Ngf3 Nc6 5. a3 Nge7 6. Bd3 Ng6 7. O-O Nf4 8. Bb5 Qf6 9. e5 Qg6 10. Nh4 Qg5 11. Ndf3 Qg4 12. Bxf4 Qxf4 13. g3 Qg4 14. Be2 Be7 15. Ng2 O-O 16. c3 f5 17. exf6 Bxf6 18. Ne5 Qg5 19. Nxd7 Rf7 20. Nxf6+ Qxf6 21. Bd3 e5 22. Ne3 Ne7 23. Ng4 Qg5 24. h4 Qh5 25. Nf6+ 1-0

[Event "Winnipeg TNT September op"]
[Site "Winnipeg CAN"]
[Date "2005.09.13"]
[Round "2"]
[White "Green, Jim"]
[Black "Wasserman, Arie"]
[Result "0-1"]
[WhiteElo "1727"]
[BlackElo "1592"]
[PlyCount "47"]
[GameId "2160767910900304"]
[EventDate "2005.09.06"]
[EventType "swiss"]
[EventRounds "4"]
[EventCountry "CAN"]
[SourceTitle "EXT 2022"]
[Source "ChessBase"]
[SourceDate "2021.10.06"]
[SourceVersion "1"]
[SourceVersionDate "2021.10.06"]
[SourceQuality "1"]

1. e4 e5 2. Nf3 Nc6 3. Bb5 Nf6 4. O-O a6 5. Ba4 b5 6. Bb3 Nxe4 7. Re1 Nc5 8. Nxe5 Nxe5 9. Rxe5+ Ne6 10. d4 Bd6 11. Re1 O-O 12. c3 Bb7 13. Qg4 Qf6 14. Be3 Rae8 15. Bc2 Nf4 16. Nd2 Nxg2 17. Bg5 Bxh2+ 18. Kxh2 Qxf2 19. Rf1 Ne3+ 20. Rxf2 Nxg4+ 21. Kg3 Nxf2 22. Kxf2 f6 23. Bf4 d6 24. Rh1 0-1

[Event "Winnipeg TNT September op"]
[Site "Winnipeg CAN"]
[Date "2005.09.13"]
[Round "2"]
[White "Lipnowski, Samuel"]
[Black "Trueman, Francis"]
[Result "1-0"]
[WhiteElo "2126"]
[BlackElo "1376"]
[PlyCount "61"]
[GameId "2160767910900305"]
[EventDate "2005.09.06"]
[EventType "swiss"]
[EventRounds "4"]
[EventCountry "CAN"]
[SourceTitle "EXT 2022"]
[Source "ChessBase"]
[SourceDate "2021.10.06"]
[SourceVersion "1"]
[SourceVersionDate "2021.10.06"]
[SourceQuality "1"]

1. e4 e5 2. Nf3 Nc6 3. Bb5 a6 4. Ba4 d6 5. c3 Nf6 6. d3 Bd7 7. O-O g6 8. Nbd2 Bg7 9. Re1 O-O 10. Nf1 h6 11. Bd2 Ne7 12. Bxd7 Nxd7 13. Ne3 c6 14. Qc1 Kh7 15. Qc2 Nb6 16. Rad1 Qc7 17. Bc1 Rad8 18. b4 f5 19. exf5 Nxf5 20. Nxf5 gxf5 21. Nh4 Qf7 22. Re3 Bf6 23. Nxf5 Qg6 24. Ng3 Nd5 25. Re2 Kh8 26. d4 Rg8 27. Qxg6 Rxg6 28. dxe5 Bxe5 29. Rxe5 Nxc3 30. Rd3 Nd5 31. Re4 1-0

[Event "Winnipeg TNT September op"]
[Site "Winnipeg CAN"]
[Date "2005.09.13"]
[Round "2"]
[White "Oberton, Daniel"]
[Black "Prystenski, Arthur"]
[Result "1/2-1/2"]
[WhiteElo "1661"]
[BlackElo "2196"]
[PlyCount "61"]
[GameId "2160767910900306"]
[EventDate "2005.09.06"]
[EventType "swiss"]
[EventRounds "4"]
[EventCountry "CAN"]
[SourceTitle "EXT 2022"]
[Source "ChessBase"]
[SourceDate "2021.10.06"]
[SourceVersion "1"]
[SourceVersionDate "2021.10.06"]
[SourceQuality "1"]

1. e4 e6 2. d4 d5 3. exd5 exd5 4. Nf3 Bd6 5. Bd3 Bg4 6. O-O Ne7 7. c3 c6 8. Bg5 Qc7 9. h3 Bh5 10. Bxe7 Bxe7 11. Re1 O-O 12. Nbd2 Bg6 13. Qc2 Bd6 14. Re2 Nd7 15. Rae1 Nf6 16. Ne5 Nh5 17. Nxg6 hxg6 18. Re3 Nf4 19. Bf1 c5 20. Nf3 Ne6 21. Bd3 cxd4 22. Nxd4 Nxd4 23. cxd4 Qb6 24. Rd1 Rac8 25. Qe2 Bb8 26. Bb1 a6 27. a3 Qd6 28. g3 Qd7 29. Kg2 Rfe8 30. Ba2 Rxe3 31. Qxe3 1/2-1/2

[Event "Winnipeg TNT September op"]
[Site "Winnipeg CAN"]
[Date "2005.09.13"]
[Round "2"]
[White "Rumpel, Chris"]
[Black "Evans, Brian"]
[Result "1-0"]
[WhiteElo "1493"]
[BlackElo "1455"]
[PlyCount "32"]
[GameId "2160767910900307"]
[EventDate "2005.09.06"]
[EventType "swiss"]
[EventRounds "4"]
[EventCountry "CAN"]
[SourceTitle "EXT 2022"]
[Source "ChessBase"]
[SourceDate "2021.10.06"]
[SourceVersion "1"]
[SourceVersionDate "2021.10.06"]
[SourceQuality "1"]

1. Nf3 d5 2. g3 Qd6 3. Bg2 e5 4. d3 Nc6 5. Nbd2 Nf6 6. e4 Be6 7. O-O O-O-O 8. Ng5 d4 9. c3 dxc3 10. Nxe6 Qxe6 11. Nb3 cxb2 12. Bxb2 Bb4 13. d4 Nxd4 14. Nxd4 Qb6 15. Bh3+ Kb8 16. a3 Bc5 1-0

[Event "Winnipeg TNT September op"]
[Site "Winnipeg CAN"]
[Date "2005.09.20"]
[Round "3"]
[White "Evans, Rick"]
[Black "Trueman, Francis"]
[Result "1-0"]
[WhiteElo "1890"]
[BlackElo "1376"]
[PlyCount "65"]
[GameId "2160767910900309"]
[EventDate "2005.09.06"]
[EventType "swiss"]
[EventRounds "4"]
[EventCountry "CAN"]
[SourceTitle "EXT 2022"]
[Source "ChessBase"]
[SourceDate "2021.10.06"]
[SourceVersion "1"]
[SourceVersionDate "2021.10.06"]
[SourceQuality "1"]

1. d4 Nf6 2. Nf3 d6 3. c4 g6 4. Nc3 c6 5. e4 Bg7 6. Be2 O-O 7. h3 Qc7 8. O-O e5 9. Be3 Nbd7 10. Qd2 Re8 11. d5 a5 12. Rfe1 Nc5 13. Qc2 Qe7 14. Nd2 Nh5 15. Bxh5 gxh5 16. b3 Qh4 17. Nf3 Qf6 18. Kh2 Bh6 19. Bxh6 Qxh6 20. Qd2 Qg6 21. dxc6 f6 22. Qxd6 Ne6 23. cxb7 Bxb7 24. Nd5 Qf7 25. Nh4 Ra6 26. Qa3 Bc8 27. Nf5 Kh8 28. Nde7 Ra7 29. Nxc8 Rxc8 30. Qd6 Rg8 31. Nh6 Rxg2+ 32. Kxg2 Qg6+ 33. Kh2 1-0

[Event "Winnipeg TNT September op"]
[Site "Winnipeg CAN"]
[Date "2005.09.20"]
[Round "3"]
[White "Lipnowski, Samuel"]
[Black "Babb, Jeff"]
[Result "1-0"]
[WhiteElo "2126"]
[BlackElo "2166"]
[PlyCount "102"]
[GameId "2160767910900310"]
[EventDate "2005.09.06"]
[EventType "swiss"]
[EventRounds "4"]
[EventCountry "CAN"]
[SourceTitle "EXT 2022"]
[Source "ChessBase"]
[SourceDate "2021.10.06"]
[SourceVersion "1"]
[SourceVersionDate "2021.10.06"]
[SourceQuality "1"]

1. e4 d6 2. d4 Nf6 3. f3 g6 4. c4 c5 5. d5 Bg7 6. Nc3 O-O 7. Bg5 h6 8. Be3 Na6 9. Qd2 Kh7 10. Nge2 Nc7 11. Nc1 a6 12. a4 b6 13. Be2 Rb8 14. O-O Bd7 15. Nd3 e6 16. Ra2 b5 17. axb5 axb5 18. b3 b4 19. Nd1 exd5 20. exd5 Re8 21. Bf4 Qe7 22. Nxc5 Nh5 23. Nxd7 Nxf4 24. Nxb8 Nxe2+ 25. Qxe2 Qxe2 26. Rxe2 Rxe2 27. Nc6 Na6 28. Nf2 Rb2 29. Ne4 Rxb3 30. Nxd6 Ra3 31. Nb5 Rd3 32. Kf2 Rd2+ 33. Ke3 Rc2 34. d6 Nc5 35. Nxb4 Rxc4 36. Nd5 Nd7 37. Rd1 Rc5 38. Nbc7 Be5 39. Ne8 Rc6 40. Ke2 Bxd6 41. Ne3 Bxh2 42. Rxd7 Kg8 43. Rd8 Kf8 44. Ra8 Ke7 45. Nd5+ Ke6 46. Nb4 Rc4 47. Ra6+ Ke7 48. Nd5+ Kf8 49. Ra8 Rc2+ 50. Kd3 Ra2 51. Rxa2 Kxe8 1-0

[Event "Winnipeg TNT September op"]
[Site "Winnipeg CAN"]
[Date "2005.09.20"]
[Round "3"]
[White "Prystenski, Arthur"]
[Black "Wasserman, Arie"]
[Result "1-0"]
[WhiteElo "2196"]
[BlackElo "1592"]
[PlyCount "59"]
[GameId "2160767910900311"]
[EventDate "2005.09.06"]
[EventType "swiss"]
[EventRounds "4"]
[EventCountry "CAN"]
[SourceTitle "EXT 2022"]
[Source "ChessBase"]
[SourceDate "2021.10.06"]
[SourceVersion "1"]
[SourceVersionDate "2021.10.06"]
[SourceQuality "1"]

1. d4 d5 2. e3 Nf6 3. Bd3 Nc6 4. f4 Nb4 5. Be2 Bf5 6. Na3 e6 7. c3 Nc6 8. Nc2 Ne4 9. Nf3 Bd6 10. O-O g5 11. Ne5 Bxe5 12. fxe5 Ne7 13. Ne1 Bg6 14. Nd3 Nf5 15. Nf2 Nxf2 16. Rxf2 h5 17. Bd3 g4 18. Rf4 Qe7 19. e4 dxe4 20. Bxe4 c6 21. a4 Nh4 22. Bxg6 Nxg6 23. Rf6 O-O-O 24. Qf1 Rdf8 25. b3 c5 26. Ba3 b6 27. a5 Qc7 28. axb6 axb6 29. Qa6+ Kb8 30. Bxc5 1-0

[Event "Winnipeg TNT September op"]
[Site "Winnipeg CAN"]
[Date "2005.09.20"]
[Round "3"]
[White "Rumpel, Chris"]
[Black "Essery, Richard"]
[Result "1-0"]
[WhiteElo "1493"]
[BlackElo "1686"]
[PlyCount "55"]
[GameId "2160767910900312"]
[EventDate "2005.09.06"]
[EventType "swiss"]
[EventRounds "4"]
[EventCountry "CAN"]
[SourceTitle "EXT 2022"]
[Source "ChessBase"]
[SourceDate "2021.10.06"]
[SourceVersion "1"]
[SourceVersionDate "2021.10.06"]
[SourceQuality "1"]

1. Nf3 b6 2. g3 Bb7 3. Bg2 c5 4. d3 g6 5. O-O Bg7 6. e4 Nf6 7. c3 d5 8. e5 Nfd7 9. d4 O-O 10. Bf4 e6 11. Nbd2 Nc6 12. a3 Re8 13. Re1 Ne7 14. g4 b5 15. h4 h6 16. g5 Nf5 17. Bh3 Nxh4 18. gxh6 Nxf3+ 19. Nxf3 Bf8 20. Qd3 Bc8 21. h7+ Kxh7 22. Ng5+ Kg7 23. Bxe6 fxe6 24. Qh3 Nf6 25. exf6+ Kxf6 26. Qh8+ Ke7 27. Qh7+ Kf6 28. Qf7# 1-0

[Event "Winnipeg TNT September op"]
[Site "Winnipeg CAN"]
[Date "2005.09.20"]
[Round "3"]
[White "Wasserman, Leor"]
[Black "Oberton, Daniel"]
[Result "0-1"]
[WhiteElo "1181"]
[BlackElo "1661"]
[PlyCount "86"]
[GameId "2160767910900313"]
[EventDate "2005.09.06"]
[EventType "swiss"]
[EventRounds "4"]
[EventCountry "CAN"]
[SourceTitle "EXT 2022"]
[Source "ChessBase"]
[SourceDate "2021.10.06"]
[SourceVersion "1"]
[SourceVersionDate "2021.10.06"]
[SourceQuality "1"]

1. e4 c5 2. Nf3 d6 3. g3 Nf6 4. Nc3 g6 5. Bg2 Bg7 6. O-O Nc6 7. d3 O-O 8. Nd2 Bd7 9. f4 Bg4 10. Bf3 Bxf3 11. Nxf3 a6 12. h3 b5 13. e5 dxe5 14. fxe5 Nxe5 15. Nxe5 Qd4+ 16. Kg2 Qxe5 17. g4 b4 18. Bf4 Qd4 19. Na4 Nd5 20. Bd2 e6 21. Rf3 Ne7 22. Be3 Qd8 23. Bxc5 Qa5 24. c3 bxc3 25. bxc3 Rfe8 26. Qf1 f5 27. gxf5 Nxf5 28. Bf2 Qc7 29. Rc1 Rab8 30. Kg1 Qc6 31. Qd1 Rbd8 32. Rf4 Qd5 33. Nc5 Bh6 34. c4 Qc6 35. Rg4 Ne3 36. Bxe3 Bxe3+ 37. Kf1 Bxc1 38. Qxc1 Qxc5 39. Ke2 Qe5+ 40. Re4 Qh2+ 41. Ke3 Rf8 42. Qd2 Rf3+ 43. Kxf3 Qxd2 0-1

[Event "Winnipeg TNT September op"]
[Site "Winnipeg CAN"]
[Date "2005.09.27"]
[Round "4"]
[White "Evans, Rick"]
[Black "Rumpel, Chris"]
[Result "1-0"]
[WhiteElo "1890"]
[BlackElo "1493"]
[PlyCount "77"]
[GameId "2160767910900314"]
[EventDate "2005.09.06"]
[EventType "swiss"]
[EventRounds "4"]
[EventCountry "CAN"]
[SourceTitle "EXT 2022"]
[Source "ChessBase"]
[SourceDate "2021.10.06"]
[SourceVersion "1"]
[SourceVersionDate "2021.10.06"]
[SourceQuality "1"]

1. d4 d5 2. c4 c6 3. Nf3 Nf6 4. Nc3 a6 5. cxd5 cxd5 6. Bf4 Nc6 7. e3 Bg4 8. h3 Bxf3 9. Qxf3 e6 10. Bd3 Bb4 11. O-O b5 12. Rfc1 Bxc3 13. Rxc3 Nb4 14. Bb1 Rc8 15. Rc5 Nd7 16. Bd6 Nxc5 17. dxc5 Nc6 18. a4 Qf6 19. Qxf6 gxf6 20. axb5 axb5 21. Bd3 Kd7 22. Bxb5 Ra8 23. Ra4 Rxa4 24. Bxa4 Ra8 25. b3 Rxa4 26. bxa4 Na5 27. Kf1 Nb7 28. Ke2 Kc6 29. Kd3 Nxc5+ 30. Bxc5 Kxc5 31. Kc3 e5 32. f4 h5 33. g4 hxg4 34. hxg4 Kb6 35. Kb4 d4 36. exd4 exf4 37. Kc4 f3 38. Kd3 f2 39. Ke2 1-0

[Event "Winnipeg TNT September op"]
[Site "Winnipeg CAN"]
[Date "2005.09.27"]
[Round "4"]
[White "Oberton, Daniel"]
[Black "Babb, Jeff"]
[Result "0-1"]
[WhiteElo "1661"]
[BlackElo "2166"]
[PlyCount "76"]
[GameId "2160767910900316"]
[EventDate "2005.09.06"]
[EventType "swiss"]
[EventRounds "4"]
[EventCountry "CAN"]
[SourceTitle "EXT 2022"]
[Source "ChessBase"]
[SourceDate "2021.10.06"]
[SourceVersion "1"]
[SourceVersionDate "2021.10.06"]
[SourceQuality "1"]

1. e4 e5 2. f4 exf4 3. Nf3 Be7 4. Bc4 Nf6 5. Nc3 Nxe4 6. Nxe4 d5 7. Bxd5 Qxd5 8. Nc3 Qf5 9. O-O O-O 10. d3 Nc6 11. Ne4 Be6 12. Qd2 Bd5 13. Nc3 Bd6 14. Nb5 Bxf3 15. Nxd6 Qc5+ 16. Qf2 cxd6 17. Qxc5 dxc5 18. Rxf3 Nd4 19. Rf2 g5 20. b3 Rfe8 21. Bb2 h6 22. c3 Nc6 23. d4 cxd4 24. cxd4 Rad8 25. Rd1 Nb4 26. a3 Nd5 27. Rdd2 Re1+ 28. Rf1 Rde8 29. Kf2 Rxf1+ 30. Kxf1 Re3 31. b4 Rb3 32. Kf2 Ne3 33. Bc1 Rb1 34. d5 Rxc1 35. d6 Rc8 36. g3 Rd8 37. gxf4 Nc4 38. Rd3 Nxd6 0-1

[Event "Winnipeg TNT September op"]
[Site "Winnipeg CAN"]
[Date "2005.09.27"]
[Round "4"]
[White "Prystenski, Arthur"]
[Black "Lipnowski, Samuel"]
[Result "1/2-1/2"]
[WhiteElo "2196"]
[BlackElo "2126"]
[PlyCount "114"]
[GameId "2160767910900317"]
[EventDate "2005.09.06"]
[EventType "swiss"]
[EventRounds "4"]
[EventCountry "CAN"]
[SourceTitle "EXT 2022"]
[Source "ChessBase"]
[SourceDate "2021.10.06"]
[SourceVersion "1"]
[SourceVersionDate "2021.10.06"]
[SourceQuality "1"]

1. Nf3 Nf6 2. d4 e6 3. e3 b6 4. Bd3 Bb7 5. Nbd2 c5 6. c3 d5 7. Ne5 Be7 8. f4 O-O 9. Qf3 Nbd7 10. g4 g6 11. h4 Nxe5 12. fxe5 Ne4 13. Nxe4 dxe4 14. Bxe4 Bxh4+ 15. Kd1 Bxe4 16. Qxe4 Bg5 17. Qg2 f6 18. Qh2 Rf7 19. Bd2 fxe5 20. Qxe5 Qd5 21. Qxd5 exd5 22. Ke2 Raf8 23. Raf1 Rxf1 24. Rxf1 Rxf1 25. Kxf1 cxd4 26. cxd4 h5 27. gxh5 gxh5 28. Ke2 Kf7 29. Kf3 Ke6 30. Be1 Kf5 31. Bg3 b5 32. b3 a6 33. Bh2 Bh4 34. a4 bxa4 35. bxa4 Be1 36. Bc7 h4 37. Bh2 Bb4 38. Bc7 h3 39. Bh2 Ke6 40. Bf4 Bd2 41. Kg3 Kf5 42. Kf3 Bc1 43. Bh2 Ba3 44. Bf4 Be7 45. Bh2 Bg5 46. Bb8 Ke6 47. Bh2 Kd7 48. Bg1 Ke6 49. Bh2 Kf5 50. Bb8 Bd8 51. Bh2 Bh4 52. Bc7 Be1 53. Bh2 Bd2 54. Bb8 Bb4 55. Bh2 Ke6 56. Kg3 Kf5 57. Kf3 Be1 1/2-1/2